Greek city by picture - Statistics

General Stats
  • This quiz has been taken 31 times
  • The average score is 8 of 12
Answer Stats
Picture Answer % Correct
Athens
100%
Thessaloniki
100%
Corfu
75%
Volos
75%
Ioannina
69%
Rhodes
69%
Heraklion
63%
Patras
63%
Chania
56%
Kavala
56%
Chalcis
44%
Trikala
44%
No matching quizzes found
Score Distribution
Percent of People with Each Score
Percentile by Number Answered
Your Score History
You have not taken this quiz